Statistiques concernant Langue française: Le jeu des 8 lettres #2

Cliquez ici pour prendre le quiz!

Statistiques générales

  • Ce quiz a été pris 858 fois
  • Le résultat moyen est 14 sur 20

Statistiques - réponses

HintRéponse% Correct
Ne recule pasAvance
98%
Abîme caractéristique du Massif Central et de l'AveyronAven
98%
Local souterrain, on peut y entreposer le vinCave
98%
Période où l'on part en voyageVacances
98%
On y met des fleurs et de l'eauVase
98%
Maladie boutonneuse des adolescentsAcné
95%
Les lions et les éléphants y habitentSavane
95%
Années au masculinAns
92%
Au Monopoly, on avance sur celle-ci en jetant les désCase
92%
Accesoire de mode ou pour transporter ses affaires avec soiSac
90%
Préposition indiquant l'accompagnementAvec
87%
Poignée pour porter un objet (tel un seau)Anse
79%
Sorte de fourgon pour transporter des personnesVan
79%
Animal qui braieÂne
77%
Femelle du Col-VertCane
57%
Repas légerEncas
41%
Vieux français pour dire "ici, dedans"Céans
15%
Synopsis général au théâtreCanevas
11%
Voie qui permet d'atteindre l'endroit vouluAccès
8%
Moutarde des champsSanve
5%

Distribution des résultats

Percentile par nombre de réponses

% des personnes avec chaque résultat

Votre développement - résultats

Vous n’avez pas pris ce quiz